000 00854nam0a22002411 4500
001 rc\4621692
005 20250611211314.0
021 _aRU
_bРг509-59
035 _a(NLR Aleph) 008400004
090 _a9230447
_c9230447
100 _a20130416d1958 |||y0rusy50 ca
101 0 _arus
102 _aRU
105 _aa z |||||
200 1 _aИнструкция к прибору, включающему рентгеновский аппарат в период диастолы желудочков сердца
_fКарагандинск. совнархоз. Бюро техн. информации
210 _aКараганда
_cБ. и.
_d1958
215 _a6 с., включ. обл.
_cил.
_d20
700 1 _aНесис
_bА.И.
801 0 _aRU
_bNLR
_gpsbo
801 1 _aRU
_bELAR
_2rusmarc
852 _aNLR
_j59-4/1379
942 _cBOOK
980 _aNB